Statistics for Pokemon Mega Evolutions

Click here to take the quiz!

General Stats

  • This quiz has been taken 1,389 times
    (1,373 since last reset)
  • The average score is 30 of 48

Answer Stats

TypePokemon% Correct
Fire/DragonMega Charizard X
98%
Fire/FlyingMega Charizard Y
98%
WaterMega Blastoise
96%
Grass/PoisonMega Venusaur
94%
Ghost/PoisonMega Gengar
81%
PsychicMega Alakazam
76%
Grass/DragonMega Sceptile
75%
Fire/FightingMega Blaziken
74%
Water/GroundMega Swampert
73%
Psychic/FightingMega Mewtwo X
72%
PsychicMega Mewtwo Y
72%
Bug/SteelMega Scizor
67%
Bug/FightingMega Heracross
66%
Fighting/SteelMega Lucario
66%
Psychic/FairyMega Gardevoir
65%
Water/DarkMega Gyarados
65%
Rock/FlyingMega Aerodactyl
64%
Dragon/GroundMega Garchomp
64%
Dark/FireMega Houndoom
64%
Bug/FlyingMega Pinsir
64%
Grass/IceMega Abomasnow
63%
Electric/DragonMega Ampharos
63%
Dragon/FlyingMega Salamence
62%
Water/PsychicMega Slowbro
62%
Steel/PsychicMega Metagross
61%
Rock/DarkMega Tyranitar
61%
Dragon/FairyMega Altaria
59%
Steel/FairyMega Mawile
59%
Dark/GhostMega Sableye
59%
Rock/FairyMega Diancie
58%
Psychic/FightingMega Gallade
58%
Dragon/PsychicMega Latias
58%
Dragon/PsychicMega Latios
58%
Fighting/PsychicMega Medicham
57%
Water/DarkMega Sharpedo
57%
Normal/FairyMega Audino
56%
Fire/GroundMega Camerupt
56%
SteelMega Aggron
53%
GhostMega Banette
53%
ElectricMega Manectric
53%
NormalMega Kangaskhan
52%
DarkMega Absol
51%
Bug/PoisonMega Beedrill
50%
Normal/FlyingMega Pidgeot
49%
Normal/FightingMega Lopunny
48%
Steel/GroundMega Steelix
46%
IceMega Glalie
40%
Dragon/FlyingMega Rayquaza
40%

Score Distribution

Percentile by Number Answered

Percent of People with Each Score

Your Score History

You have not taken this quiz since the last reset